1896 1768 1787 1725 1722 1049 1943 1007 1958 1633 1547 1718 1299 1972 1007 1559 1104 1114 1822 1862 1642 1473 1121 1382 1080 1595 1245 1038 1056 1962 1154 1966 1846 1151 1919 1211 1925 1145 1165 1124 1543 1873 1031 1332 1922 1150 1814 1335 1195 1327 1500 1675 1222 1469 1348 1634 1312 1679 1418 1430 1305 1417 1696 1779 1239 1005 1643 1162 1501 1252 1225 1740 1393 1880 1430 1152 1891 1855 1321 1477 1739 1299 1163 1246 1092 1515 1385 1855 1674 1590 1045 1840 1311 1521 1328 1192 1481 1448 1953 BCNSPRNW ULIB Ver.6.0+V

เปลี่ยนเป็นภาษาไทย

Change to English
 แสดงรายละเอียดบรรณานุกรม
  กลับหน้าหลัก

Brief Record : Get Marc (ISO 2709) : E-mail record : QR code < ปิดหน้าต่าง
LEADER : 00000nam 2200000uu 4500
001    13399112290
003     ULIB
008    110803s2551||||th 000 0 tha d
020    9744224514
040    bra
060 04 WB115^bส886อ 2551
245 00 อายุรศาสตร์ 2008 :^bCurrent concepts and update treatment(2) /^cบรรณาธิการ, สมศักดิ์ ลัพธิกุลธรรม ... [และคนอื่นๆ]
246 31 Current concepts and update treatment (2)
260    กรุงเทพฯ :^bกลุ่มงานอายุรศาสตร์ โรงพยาบาลราชวิถี,^c2551
300    (4), 330 หน้า :^bภาพประกอบ ;^c27 ซม.
650  2 Medicine
650  4 การแพทย์
650  4 อายุรศาสตร์
700 0  สมศักดิ์ ลัพธิกุลธรรม,^eบรรณาธิการ
710 2  โรงพยาบาลราชวิถี. ^bกลุ่มงานอายุรศาสตร์
945    ^p400^l0^i023681
945    ^p400^l0^i023682
945    ^p400^l0^i028760
995    ทศพร
999 ^a ทศพร
รายการนี้ยังไม่มีแท็ก
คุณยังไม่ได้ล็อกอิน คุณสามารถมีกิจกรรมร่วมกับเว็บไซต์ได้ แต่ต้องล็อกอินก่อน ::
  ล็อกอิน

รายการสื่อสารสนเทศ

ลำดับที่ ประเภท เลขเรียก/บาร์โค้ด สถานที่ สถานะ
- ไม่พบข้อมูล -

รายการใกล้เคียง
    หัวเรื่อง [Medicine]
    หัวเรื่อง [การแพทย์]
    หัวเรื่อง [อายุรศาสตร์]

BibComment


ยังไม่เคยถูกคอมเมนท์

คอมเมนท์ทรัพยากรรายการนี้
  คอมเมนท์: อายุรศาสตร์ 2008 ..


 Copyright 2026. Bcnsprnw @Library